000
00300pam a2200109a 44500
008
230405s1998 xxu||||| |||| 00| 0 eng d
041
_a
ENG
100
_a
Pravin Chandra Trivedi
245
_a
Nematode Disesses in Plamts
260
_a
new delhi
_b
C.B.S Publishers & Distributers
_c
1998
906
_a
15114
999
_c
305613
_d
305613